000 00685nam a2200193Ia 4500
005 20250508165414.0
008 008 250505s9999 xx 000 0 hin d
037 _aDissertations
040 _aFEDL
_beng
_cFEDL
041 _ahin
_2eng
084 _a323.4, MEE/DI
_qFEDL
100 _aMeena Sapna `
_9780765
245 0 _aKaksha gyarahvee ki rajneetik siddhant ki patthyepustak ke dwara manav adhikar ki sankalpna ke sanderbh mein saidhantik aur vyavharik samaj banane ka vishleshanatmak prayas
260 _c2014
300 _a83p.
546 _aM.Ed. Dissertation, (Delhi University); C D Included
942 _cDIS
_h323.4, MEE/DI
999 _c1394932
_d1394932